LEADER 00472nab a2200145 i 4500 001 000000312726 003 CaOOAMICUS 005 20180831173058.0 008 180831n xx uu u0 0und r 013 $a21818 040 $aSeMil$bita 100 1 $aD.R.B.,.$0(OLS)http://semarc/name/88435 245 13$aLe condizioni religiose dell?Inghilterra. 773 0 $t[Luglio-Dicembre].$g250-252$w()274218 996 $6245$aLe condizioni religiose dell?Inghilterra$9(OLS)http://semarc/title/387102 LEADER 01051nam a2200193 i 4500 001 000000257985 003 CaOOAMICUS 005 20180409000000.0 008 180409s1802 xx u000 u fre u 013 $a236893 026 $au-le rtt- r-en ceas (3) 1802 (A) 040 $aSeMil$bita 240 10$aHistoire naturelle de Buffon. Quadrupedes tome 4.$0(OLS)http://semarc/title/413238 245 10$aTome 7. 300 $a[4], 317, [3] p., [16] carte di tav. :$bill. 773 0 $aBuffon, Georges-Louis Leclerc $tHistoire naturelle de Buffon, classée par ordres, genres et espèces d'après le système de Linné; avec les caractères génériques et la nomenclature Linnéenne; Par René-Richard Castel, auteur du poëme des Plantes. Tome 1. [-26.].$dA Paris : De l'Imprimerie de Crapelet : Chez Deterville, rue du Battoir, n. 16, An X. 1802.$bNouvelle édition.$g7$w()5845 850 $aSeMil 852 $aSeMil$W1$xVenegono$y1$m3W I 100 FA$j208331$B208331$CSeMilBibl$Z2$F221963 $8I 996 $6245$aTome 7$9(OLS)http://semarc/title/1606